000 00630nam a2200229 a 4500
008
020 _a9780340945643 (pbk.)
049 _aMAIN
090 _aQC23
_bMEE
100 1 _aMee, Chris.
245 1 0 _aInternational A/AS level Physics/
_cChris, Mee . . . [et al. ]
260 _aLondon :
_bHodder Education;
_c2008.
300 _aiv, 468 p. :
_bill. ;
_c28cm.
500 _alncludes index.
650 1 _aPhysics.
700 _aCrundell, Mike.
907 _a.b10333101
_b16-07-13
_c12-06-13
003
005 20230123122018.0
040 _cNUST
942 _cBOOKS
_kQC23
_mMEE
999 _c126289
_d126289